01008nam a2200265 a 450000100060000000300080000600500170001400800410003102000150007203500190008704000270010604100080013308200220014124501290016325000120029226000800030430000360038450400640042065100190048470000370050370000300054094200120057099900170058295201430059963843BD-RjUL20211209081235.0170204s1992 j ab b f001 0 eng  a0844407313 a(BD-RjUL)63973 aDLCcDLCdBD-RjULbeng aeng00a952220bJAP 199210aJapan :ba country study /cFederal Research Division, Library of Congress ; edited by Ronald E. Dolan and Robert L. Worden. a5th ed. aWashington, D.C. :bFederal Research Division, Library of Congress :c1992. axxxvi, 610 p. :bill. ;c24 cm. aIncludes bibliographical references (p. 511-571) and index. 0aJapan.91876631 aDolan, Ronald E.,d1939-91895591 aWorden, Robert L.9189560 2ddccBK c63843d63843 00102ddc40718NFICaRUCLbRUCLcReadingd2002-02-14eJapan Foundation, Gift.l0o952 JAP 1992r2017-02-04 00:00:00tC-1w2017-02-04yBK